[Event "NZL-ch Seniors"]
[Site "Auckland"]
[Date "2020.11.27"]
[Round "2"]
[White "Gibbons, Robert E"]
[Black "Fulo, Nunilon III"]
[Result "0-1"]
[WhiteElo "1850"]
[BlackElo "1996"]
[PlyCount "122"]
[EventDate "2020.11.26"]
[EventType "swiss"]
[EventRounds "6"]
[EventCountry "NZL"]
[SourceTitle "EXT 2024"]
[Source "ChessBase"]
[SourceDate "2023.10.10"]
[SourceVersion "1"]
[SourceVersionDate "2023.10.10"]
[SourceQuality "1"]

1. d4 Nf6 2. Bf4 d5 3. e3 e6 4. Bd3 c5 5. c3 Nc6 6. Nf3 h6 7. Nbd2 Nh5 8. Bg3 Nxg3 9. hxg3 Be7 10. Ne5 Nxe5 11. dxe5 Qc7 12. f4 Qb6 13. Qb3 Qxb3 14. axb3 Bd7 15. Nf3 a6 16. Kf2 Bc6 17. Bc2 0-0-0 18. Rad1 Kc7 19. Rd2 f6 20. Rhd1 g5 21. exf6 Bxf6 22. Ne5 Bxe5 23. fxe5 h5 24. Kg1 h4 25. gxh4 Rxh4 26. Rf2 Rdh8 27. Rf7+ Kb6 28. Rg7 g4 29. Kf2 R4h5 30. Rxg4 Rxe5 31. Ke2 Be8 32. Rg7 Rh2 33. Rg1 d4 34. e4 Rh6 35. cxd4 cxd4 36. Kd3 Rc5 37. b4 Bb5+ 38. Kd2 Rc4 39. b3 Rxb4 40. e5 Rh5 41. Re1 Rh2 42. Be4 Bc6 43. Bxc6 Kxc6 44. Kd3 Rxb3+ 45. Kxd4 Rh4+ 46. g4 Rxg4+ 47. Rxg4 Rb4+ 48. Kc3 Rxg4 49. Rd1 Kc5 50. Rd6 Rg3+ 51. Kb2 Rg6 52. Kc3 a5 53. Kb3 b5 54. Kc3 a4 55. Kb2 b4 56. Kc2 b3+ 57. Kc3 Rg3+ 58. Kb2 Rg2+ 59. Kb1 a3 60. Rd1 Rb2+ 61. Ka1 Re2 0-1